000 00531cam a22001697a 4500
008 180718b2000 xxu||||| |||| 00| 0 eng d
020 _a1853835153
082 _aO91 P314b
100 _aPearce, David
245 _aBlueprint for a sustainable economy
_cby David Pearce and Edward Barbier
260 _aLondon
_bEarthscan
_c2000
300 _a273p.
650 _aSustainable development
650 _aEnvironmental policy - Economic aspects
650 _aEnvironmental degradation - Economic aspects
700 _aBarbier, Edward
999 _c393646
_d393646